LEADER 00936nam a2200205 i 4500 001 000000246317 003 CaOOAMICUS 005 20200409101622.0 008 151105s1844 it u000 u ita u 013 $a225222 040 $aSeMil$bita 245 10$aTomo 4. 300 $a291 p. 773 0 $aCaterina : da Siena, $tEpistole della serafica vergine s. Caterina da Siena scritte da lei a Pontefici, cardinali, prelati ed altre persone ecclesiastiche ....$dMilano : Pirotta e C., 1842-1844.$kBiblioteca ecclesiastica. Classe 3., Eloquenza, letteratura e varietà$g4$w()32772 830 0$aBiblioteca ecclesiastica. Classe 3., Eloquenza, letteratura e varietà ;$v14.$0(OLS)http://semarc/title/6077 850 $aSeMil 852 $aSeMil$W1$xVenegono$y1$m3G III 32 FA$j196663$B196663$CSeMilBibl$Z2$F207589 $8I 961 $aRecupero: Altro 996 $6245$aTomo 4$9(OLS)http://semarc/title/136909 LEADER 01145nam a2200253 i 4500 001 000000018999 003 CaOOAMICUS 005 20220525124731.0 008 180830s1984 it u000 u ita u 040 $aSeMil$bita 100 1 $aDe Sanctis, Francesco,$d<1817-1883>.$0(OLS)http://semarc/name/1328 245 10$aStoria della letteratura italiana /$cFrancesco De Sanctis ; completata da numerose note bio-bibliografiche e corredata da due capitoli conclusivi di Giuseppe Villaroel. 264 1$aMilano :$bKronos Europea,$c1984. 300 $a4 v. ;$c26 cm. 650 4$aDe Sanctis, Francesco <1817-1883> . Storia della letteratura italiana.$0(OLS)http://semarc/subject/52328 650 4$aLetteratura italiana - Storia.$0(OLS)http://semarc/subject/541 700 1 $aVillaroel, Giuseppe.$0(OLS)http://semarc/name/3635 774 0 $tVol. 1.$w()168212 774 0 $tVol. 2.$w()168213 774 0 $tVol. 3.$w()168216 774 0 $tVol. 4.$w()168217 996 $6245$aStoria della letteratura italiana$9(OLS)http://semarc/title/2503 996 $6264$aMilano :$bKronos Europea$9(OLS)http://semarc/publisher/34980